100 personnages de manga en images - Statistiques

Statistiques générales
  • Ce quiz a été pris 119 fois
  • Le résultat moyen est 52 sur 100
Statistiques - réponses
Par images Réponse % Correct
Son Goku
98%
Natsu Dragnir
93%
Kakashi Hatake
91%
Ken Kaneki
90%
Sanji Vinsmoke
88%
Usopp
88%
Vegeta
88%
Armin Arlert
86%
Boruto Uzumaki
86%
Meliodas
85%
Nami
85%
Hinata Hyuga
84%
Satoru Gojo
84%
Shoyo Hinata
84%
Livai Ackerman
83%
Hisoka
82%
Kenshiro
82%
Ken Takekura
82%
Light Yagami
82%
Tanjiro Kamado
82%
Saitama
81%
Kirua Zoldik
80%
Cell
79%
Ryuk
79%
Tsubasa Ozora
79%
Edward Elric
76%
Krilin
76%
Baki Hanma
74%
Erza Scarlett
74%
Happy
74%
Piccolo
73%
Escanor
71%
Guts
70%
Shikamaru Nara
70%
Kaido
68%
Dio Brando
67%
Eikichi Onizuka
66%
Astro Boy
65%
Frieren
64%
Jinbe
64%
Genos
63%
Sarada Uchiwa
63%
Misa Amane
61%
Usagi Tsukino
61%
Nagisa Shiota
60%
Griffith
59%
Ippo Makunouchi
59%
Thorfinn
57%
Katsuki Bakugo
54%
Ochako Uraraka
54%
Shin
52%
Taro Sakamoto
52%
Yor Forger
52%
Pochita
51%
Rukia Kuchiki
49%
Seiya
49%
Akamaru
47%
Jonathan Joestar
47%
Hansi Zoe
45%
Mitsuri Kanroji
45%
Kenpachi Zaraki
43%
Scar
43%
Tatsumaki
41%
Toriko
40%
Kenshin Himura
38%
Ranma Saotome
38%
Doraemon
35%
Momo Ayase
35%
Maomao
34%
Leo
33%
Seto Kaiba
33%
Shinji Ikari
32%
Gintoki Sakata
31%
Inu Yasha
30%
Aralé Norimaki
29%
Senku Ishigami
29%
Cobra
28%
Maka Albarn
23%
Soul Eater Evans
23%
Legoshi
22%
Rei Ayanami
22%
Winry Rockbell
22%
Kojiro Hyuga
21%
Sena Kobayakawa
21%
Yusuke Urameshi
19%
Ryo Saeba
16%
Dai
15%
Naru Narusegawa
14%
Riza Hawkeye
14%
Shun
13%
Hiei
11%
Hyoga
11%
Arslan
10%
Kaori Makimura
9%
Kohaku
9%
Lum
9%
Yoichi Hiruma
7%
Akane Tendo
6%
Raoh
4%
Eiji Niizuma
3%
Aucun quiz correspondant
Distribution des résultats
% des personnes avec chaque résultat
Percentile par nombre de réponses
Votre historique - résultats
Vous n’avez pas pris ce quiz